000 01194nam a2200277 4500
001 0000023129
003 CO-CtgCURN
005 20250506215343.0
008 160627s1996 000 0 eng d
020 _a9586552411
040 _aCO-CtgCURN
_bspa
_ccoctgcurn
082 0 _a801.9
_bM516e
100 1 _aMario Mejia, Jorge.
245 1 6 _aDe la escritura parasitaria /
_cJorge Mario Mejia.
260 _aMedellin :
_bUniversidad de Antioquia,
_c1996.
300 _a159 p.
336 _2rdacontent
337 _2rdamedia
_asin mediacion
_bn
338 _2rdacarrier
_avolumen
_bnc
505 8 _aParasito de la interpretacion.--El parasito quiere ser riguroso.--Parasito de la autointerpretacion.--Examen de conciencia y contricion de corazon.--Parasito de la experimentacion.--Fuga de aire.--La escuela de praga.--Hofmannsthal.--Situaciones de lucha.--El enemigo.--La funcion de una carta
600 1 0 _aDostoievski, Fedor Mijailovich,
_xCritica e interpretacion,
_d1821-1881.
908 _a160627
942 _cBK
_h801.9
_iM516e
_2ddc
999 _c48307
_d48307
_x2